000 00274nam a2200097Ia 4500
082 _aEF|HASS
245 0 _aSophia : a novel
100 _a Hassim, Shafinaaz Crown mines, South Africa, [c.2012]
_964599
942 _cBK
008 210817s9999 xx 000 0 und d
999 _c205846
_d205845